| 000 | 00491nam a2200157Ia 4500 | ||
|---|---|---|---|
| 005 | 20250404104003.0 | ||
| 008 | 231217s9999 xx 000 0 und d | ||
| 020 | _a9788131404959 | ||
| 082 | _a320.9 GEO;2 R1 | ||
| 100 | _aGeorge, Voskopoulos ed. | ||
| 245 | 0 | _aTransatlantic relations and European integration : realities and dilemmas | |
| 260 |
_c2006 _bICFAI Press _aHyderabad |
||
| 300 | _axii, 379 | ||
| 650 | _aTransatlantic,relations,european,integration,dilemmas | ||
| 942 | _cAA | ||
| 999 |
_c191546 _d191546 |
||